Zgadnij polskie miasto po 3 emotkach - Statystyki

Ogólne statystyki
  • Ten quiz został rozwiązany 58 razy
  • Średni wynik to 6 z 10
Statystyki odpowiedzi
Hint Odpowiedź % Poprawnych
🐉🏰👑 Kraków
98%
⛰️🥂🎆 Zakopane
78%
🧂⛏️⛪ Wieliczka
69%
🛳️🌊🏖️ Gdańsk
65%
🐐🕛❗ Poznań
63%
⛵🏭🧵 Łódź
49%
🐘🧙‍♂️🌉 Wrocław
43%
🎢🎠🎡 Zator
41%
🏖️🦦📍 Hel
31%
⛏️🌳🎡 Chorzów
16%
Nie znaleziono quizów pasujących do podanych kryteriów
Rozkład punktacji
Procent ludzi z każdym wynikiem
Percentyl według liczby udzielonych odpowiedzi
Twoja historia wyników
Nie rozwiązałeś tego quizu